000 00316nam a22001457a 4500
008 230901b ||||| |||| 00| 0 eng d
020 _a0521280133
041 _aeng
080 _a521
082 _a521LON
100 _a19
101 _aASTRO
245 _aHIGH ENERGY ASTROPHYSIC
_cLONGAIR.S.M
942 _2udc
_cBK
999 _c60248
_d60248